Thiết kế Website hỗ trợ học sinh tự ôn tập, củng cố và kiểm tra kiến thức môn Tin học lớp 11

Cơ sở lý luận và thực tiễn của hoạt động ôn tập, củng cố và kiểm tra, đánh giá của học sinh trong các trường THPT. Xây dựng Website hỗ trợ học sinh tự ôn tập, củng cố và kiểm tra đánh giá kiến thức chương trình tin học lớp 11. Thực nghiệm sư phạm....

Description complète

Enregistré dans:
Détails bibliographiques
Auteur principal: Nguyễn Thị Phương
Autres auteurs: Lê Viết Chung (Hướng dẫn)
Format: Livre
Publié: Đà Nẵng Đại học Sư phạm, Đại học Đà Nẵng 2012
Sujets:
Tags: Ajouter un tag
Pas de tags, Soyez le premier à ajouter un tag!
Thư viện lưu trữ: Mạng thư viện Đại học Đà Nẵng
LEADER 01904nam a2200337 4500
001 000017290
003 13706
005 20130328080337.0
008 130328s2012 sd
082 |a 006.7  |b NG-P 
100 1 |a Nguyễn Thị Phương 
245 |a Thiết kế Website hỗ trợ học sinh tự ôn tập, củng cố và kiểm tra kiến thức môn Tin học lớp 11  |c Nguyễn Thị Phương ; Lê Viết Chung hướng dẫn  |k Khóa luận tốt nghiệp 
260 |a Đà Nẵng  |b Đại học Sư phạm, Đại học Đà Nẵng  |c 2012 
300 |a 47 tr.  |b Hình mh.  |c 29 cm.  |e Đĩa CD, bản tóm tắt 
500 |a Khóa luận tốt nghiệp đại học. Chuyên ngành: Sư phạm Tin 
504 |a Mục lục đầu trang, tài liệu tham khảo tr. 73 - 74, phụ lục [13 tr.] 
520 |a Cơ sở lý luận và thực tiễn của hoạt động ôn tập, củng cố và kiểm tra, đánh giá của học sinh trong các trường THPT. Xây dựng Website hỗ trợ học sinh tự ôn tập, củng cố và kiểm tra đánh giá kiến thức chương trình tin học lớp 11. Thực nghiệm sư phạm. 
600 1 4 |b Vua  |c Đinh Tiên Hoàng 
650 0 4 |a Website  |a Giáo dục THPT  |v Khóa luận tốt nghiệp  |x Ứng dụng tin học 
653 |a Khoa Tin  |a Thiết kế Website  |a Ứng dụng tin học  |a Tin học lớp 11 
700 |a Lê Viết Chung  |e Hướng dẫn 
OWN |a LSP 
AVA |a UDN50  |b LSP  |d 006.7 NG-P  |e available  |t Error 5001 Not defined in file expand_doc_bib_avail.  |f 1  |g 0  |h N  |i 0  |k 1 
999 |a From the UDN01 
AVA |a UDN50  |b LSP  |d 006.7 NG-P  |e available  |t Error 5001 Not defined in file expand_doc_bib_avail.  |f 1  |g 0  |h N  |i 0  |k 1 
TYP |a Monograph 
TYP |a Printed language 
980 |a Mạng thư viện Đại học Đà Nẵng